Welcome to the Holygrace Academy Library

Please use search bar below to get started

FREE FALL (Record no. 2429)

MARC details
000 -LEADER
fixed length control field 00539nam a22001457a 4500
020 ## - INTERNATIONAL STANDARD BOOK NUMBER
ISBN 0-06-019333-6
082 ## - DEWEY DECIMAL CLASSIFICATION NUMBER
Classification number 823
Item number MIL/F
100 ## - MAIN ENTRY--AUTHOR NAME
Personal name MILLS, KYLE
245 ## - TITLE STATEMENT
Title FREE FALL
260 ## - PUBLICATION, DISTRIBUTION, ETC. (IMPRINT)
Place of publication NEW YORK
Name of publisher HARPER COLLINS
Year of publication 2000
300 ## - PHYSICAL DESCRIPTION
Number of Pages 392
520 ## - SUMMARY, ETC.
Summary, etc Free Fall is actually about a crooked presidential election and I wanted to contrast the simple lifestyle of climbers with the power-hungry existence of the Washington Elite, as well as with my iconoclastic lead character, Mark Beamon.
650 ## - SUBJECT ADDED ENTRY--TOPICAL TERM
Topical Term NOVEL
Geographic subdivision UNITED STATES
942 ## - ADDED ENTRY ELEMENTS (KOHA)
Koha item type Books
Holdings
Withdrawn status Lost status Collection code Home library Current library Shelving location Date acquired Source of acquisition Full call number Accession Number Koha item type
    Reference Main Library Main Library SHELF 1-J-ENGLISH NOVELS FOR TEACHERS 17/10/2011 purchase 823 MIL/F 05623 Books